000 00723nab#a2200241#c#4500
999 _c19307
_d19307
003 IEF
005 20191205101552.0
008 950704s1976 uuu|| #####0 b| |u
040 _aIEF
_cES-MaIEF
100 1 _aRueda Hernanz, Germán
_938774
245 _aLa Desamortización del siglo XIX en una zona de Castilla la Vieja
_c Germán Rueda Hernanz
260 _c1976
500 _aBibliografía,conclusiones
650 4 _aHISTORIA ECONOMICA
_945401
650 4 _aESPAÑA
_941092
650 4 _aDESAMORTIZACION ECLESIASTICA
_942451
650 4 _aCASTILLA Y LEON
_933553
650 4 _aSIGLO XIX
_948415
773 0 _tHacienda pública española
_w34570
_g38, p. 201-229
942 _2udc
942 _2udc